|
|
แสดงรายละเอียดบรรณานุกรม |
|
|
Brief Record
: Get Marc (ISO 2709)
: E-mail record
: |
| LEADER 00000nama 2200000uu 4500 | |||
| 008 040531s1947 th m m a000 0 tha d | |||
| 041 eng | |||
| 050 QS4 A684d | |||
| 100 Arey, Leslie Brainerd | |||
| 245 Development anatomy / by Leslie Brainerd Arey 001 | |||
| 260 Philadelphia Saunders 1947 | |||
| 300 616 p. | |||
| 650 Anatomy | |||
| 998 1999-08-26 | |||
| คุณยังไม่ได้ล็อกอิน คุณสามารถมีกิจกรรมร่วมกับเว็บไซต์ได้ แต่ต้องล็อกอินก่อน :: |
|
| สถานะ | |||||||||
| 1. | หนังสือทั่วไป | QS4 A684d 1947 | On Shelf ขอยืม | ||||||
| [แสดง 1/1 รายการ] | |||||||||
| รายการใกล้เคียง หัวเรื่อง [Anatomy]
|
BibComment |
| คอมเมนท์ทรัพยากรรายการนี้ |
|
|